15 Temmuzdan sonra Akp (Record no. 10745)

MARC details
000 -BAŞLIK
Sabit Uzunlukta Kontrol Alanı 01102na a2200337 4500
001 - KONTROL NUMARASI
Denetim Alanı 24223
003 - KONTROL NUMARASI IDENTIFIER
Denetim Alanı MIRAKIL
005 - SON İŞLEM TARİHİ VE ZAMANI
Denetim Alanı 20181213155332.0
008 - SABİT-BOY VERİ ELEMANLARI - GENEL BİLGİLER
Sabit Uzunlukta Kontrol Alanı 180702b tu 000 0
020 ## - ULUSLARARASI STANDART KİTAP NUMARASI
Uluslararası Standart Kitap Numarası 9786056803130
040 ## - KATALOGLAMA KAYNAK
Orijinal Kataloglama Ajansı Milas
Kataloglama Dili tur
Metne Dönüştürmek Ajansı TR-AnCHP
041 ## - DİL KODU
Metin / Ses Parça Veya Ayrı Başlığın Dil Kodu tur
082 ## - DEWEY ONLU SINIFLANDIRMA NUMARASI
Sınıflandırma Numarası CHP 324.2182
Ürün Numarası C3645o 2018
090 ## - SINIFLAMA NUMARASI
Sınıflama Numarası CHP 324.2182 C3645o 2018
110 ## - ANA GİRİŞ - KURUMSAL ADI
Giriş Elemanı Olarak Kurumsal Ad Veya Yargı Alanı Adı Cumhuriyet Halk Partisi (CHP)
Alt Birim Halkla İlişkiler
245 ## - BAŞLIK TABLOSU
Başlık 15 Temmuzdan sonra Akp
Başlığın Kalan Fetö'ye selam Ohal'e devam
Sorumluluk Tablosu, Vb CHP Halkla İlişkiler
246 ## - UNVAN FORM VARYING
Başlık Doğru / Kısa Başlığı Fetö'ye selam Ohal'e devam
260 ## - YAYIN, DAĞITIM, VB
Yayın, Dağıtım, Vb Yeri Ankara
Yayıncı, Dağıtıcı, Vs Adı CHP
Yayın, Dağıtım, Vb Tarihi Mayıs 2018
300 ## - FİZİKSEL TANIM
Kapsam 102 s.
Diğer Fiziksel Ayrıntıları rnk. res.
Boyutlar 21 sm.
440 ## - SERİSİ TABLOSU / KATMA GİRİŞİ - BAŞLIK
Başlık CHP Halkla İlişkiler yayınları
Bir İşin Parçası / Bölümün İsmi Raporlar
600 ## - KONU KATMA GİRİŞ - KURUMSAL ADI
Kişisel Ad Gülen, Fethullah
Genel Alt Bölümü AKP
610 ## - KONU KATMA GİRİŞ - TOPLANTI ADI
Giriş Elemanı Olarak Kurumsal Ad Veya Yargı Alanı Adı Cumhuriyet Halk Partisi (CHP)
Alt Birim Halkla İlişkiler
Genel Alt Bölüm FETÖ
610 ## - KONU KATMA GİRİŞ - TOPLANTI ADI
Giriş Elemanı Olarak Kurumsal Ad Veya Yargı Alanı Adı AKP
Genel Alt Bölüm Siyaset ve yönetim
Kronolojik Alt Bölüm 2002-
610 ## - KONU KATMA GİRİŞ - TOPLANTI ADI
Giriş Elemanı Olarak Kurumsal Ad Veya Yargı Alanı Adı AKP
Genel Alt Bölüm Gülen cemaati
650 ## - KONU KATMA GİRİŞ - TOPİKAL DÖNEM
Topikal Süreli Veya Coğrafi Ad Giriş Elemanı OHAL
Genel Alt Bölümü 20 Temmuz 2015-
650 ## - KONU KATMA GİRİŞ - TOPİKAL DÖNEM
Topikal Süreli Veya Coğrafi Ad Giriş Elemanı Siyaset ve yönetim
Genel Alt Bölümü Türkiye
650 ## - KONU KATMA GİRİŞ - TOPİKAL DÖNEM
Topikal Süreli Veya Coğrafi Ad Giriş Elemanı 15 temmuz darbe girişimi
830 ## - SERİSİ EKLENDİ GİRİŞ - ÜNİFORM ADI
Üniforma Başlık CHP raporları
942 ## - EKLENDİ GİRİŞ ELEMANLARI (KOHA)
Sınıflandırma Veya Raf Düzeni Kaynak
Koha Öğesi Türü Books
999 ## - SİSTEM KONTROL NUMARALARI (KOHA)
Koha Biblionumber 10745
Koha Biblioitemnumber 10745
657 ## - INDEX SÜRE - İŞLEVİ
-- CHP Fetö raporu
Holdings
Kalıcı Konum Mevcut Konum Edinme Tarihi Edinim Kaynak Toplam Check-Out'Lar Tam Çağrı Numarası Barkod Tarih Son Görülme İtibaren Geçerli Fiyatlar Koha Öğesi Türü Kopya Sayısı
CHP Kütüphanesi CHP Kütüphanesi 07/02/2018 Bağış   CHP 324.2182 C3645o 2018 018234 07/02/2018 07/02/2018 Books  
CHP Kütüphanesi CHP Kütüphanesi 07/02/2018 Bağış   CHP 324.2182 C3645o 2018 018235 07/02/2018 07/02/2018 Books k.2